000 00628nam a2200241 a 4500
001 nice12345678
003 IN_TiNIC
005 20260116012226.0
008 050524s1976 mica grp 000 0 eng
020 _a
_c100
082 0 0 _a133
_bNOO
100 _aNoorbergen, Rene
245 _aSoul Hustlers
_b an Expose of the Astrology, the Ufo Mystery That Will
260 _aMichigan
_bZondervan Publishing House
_c1976
300 _a190p
500 _aincludes index and biblioraphy
505 2 _aBibliography
650 _aOccultism
700 1 _aNoorbergen, Rene
902 _bSRS
942 _cBK
999 _c6160
_d6160